[Event "IECG CB.2005.0.00140 email"]
[Site "IECG email"]
[Date "2005.07.19"]
[Round "?"]
[White "Dautovic, Dzenan"]
[Black "Mavroidis, Jim"]
[Result "1-0"]
[WhiteElo "1900"]
[BlackElo "1817"]
[PlyCount "42"]
[EventDate "2005.07.19"]
[EventType "tourn (corr)"]
[EventRounds "6"]
[SourceTitle "Corr 2008"]
[Source "ChessBase"]
[SourceDate "2008.06.24"]
[SourceVersion "1"]
[SourceVersionDate "2008.06.24"]
[SourceQuality "1"]

1. e4 e5 2. Nf3 Nc6 3. Bb5 a6 4. Ba4 Nf6 5. 0-0 Nxe4 6. d4 b5 7. Bb3 d5 8. dxe5 Be6 9. a4 b4 10. a5 Qd7 11. Ba4 Nc5 12. Bxc6 Qxc6 13. Nd4 Qd7 14. Be3 Be7 15. f4 g6 16. f5 Ne4 17. Nd2 Nxd2 18. Bxd2 c5 19. c3 b3 20. Ra3 Qc7 21. g3 h5 1-0